Detalles MARC
| 000 -LIDER |
| fixed length control field |
01366nam a22003137a 4500 |
| 003 - IDENTIFICACDOR DE NÚMERO DE CONTROL |
| control field |
DO-SdBNP |
| 005 - DATE AND TIME OF LATEST TRANSACTION |
| control field |
20180314113325.0 |
| 008 - ELEMENTOS DE LONGITUD FIJA |
| fixed length control field |
160412b2008 dr||||| |||| 00| 0 spa d |
| 020 ## - ISBN |
| International Standard Book Number |
9789945171211 |
| 040 ## - FUENTE DE CATALOGACIÓN |
| Agencia que crea de manera original el registro |
BPMSU |
| Idioma de catalogación |
spa |
| Agencia que realiza la transcripción |
BPMSU |
| 092 ## - LOCALLY ASSIGNED DEWEY DECIMAL CALL NUMBER |
| Número de clasificación |
372.7 |
| Número de ítem (Cutter) |
T771m 8vo. 2008 |
| 100 ## - ASIENTO PRINCIPAL -- NOMBRE PERSONAL |
| Nombre personal |
Trama, Eduardo |
| 245 ## - MENCIÓN DE TITULO |
| Título |
Matemática básica 8 / |
| Mención de responsabilidad |
Eduardo Trama; Luis Blatman |
| 260 ## - PUBLICACIÓN, DISTRIBUCIÓN, ETC. (PIE DE IMPRENTA) |
| Lugar de publicación, distribución, etc |
Santo Domingo : |
| Nombre del editor, distribuidor, etc. |
Ediciones SM |
| Fecha de publicación, distribución, etc |
2008 |
| 300 ## - DESCRIPCIÓN FÍSICA |
| Extensión |
208 p. : |
| Otros detalles físicos |
il. : |
| Dimensiones |
28 cm |
| 490 ## - MENCIÓN DE SERIES |
| Mención de serie |
proyecto saber más |
| 505 ## - NOTA DE CONTENIDO |
| Título |
Unidad 1. : Números reales |
| -- |
Unidad 2 . : El lenguaje algebraico |
| -- |
Unidad 3 . : Plano cartesiano. Figuras planas |
| -- |
Unidad 4 . : Cuerpos. Área de superficies. Polinomios |
| -- |
Unidad 5. : Volumen de cuerpos redondos. Teselaciones |
| -- |
Unidad 6 . : Esfera ecuaciones e inecuaciones |
| -- |
Unidad 7. : Estadística |
| -- |
Unidad 8 . : Probalidad. Raíz cuadrada |
| -- |
Unidad 9 . : Cálculo de probabilidad |
| 650 ## - ENCABEZAMIENTO DE MATERIA--TEMÁTICO |
| Término temático o nombre geográfico como elemento de entrada |
MATEMÁTICAS |
| Subdivisión temática general |
ENSEÑANZA BÁSICA |
| 650 ## - ENCABEZAMIENTO DE MATERIA--TEMÁTICO |
| Término temático o nombre geográfico como elemento de entrada |
MATEMÁTICAS |
| Subdivisión temática general |
ENSEÑANZA ELEMENTAL |
| 650 ## - ENCABEZAMIENTO DE MATERIA--TEMÁTICO |
| Término temático o nombre geográfico como elemento de entrada |
EDUCACIÓN PRIMARIA |
| Subdivisión temática general |
REPÚBLICA DOMINICANA |
| 650 #4 - ENCABEZAMIENTO DE MATERIA--TEMÁTICO |
| Término temático o nombre geográfico como elemento de entrada |
MATEMÁTICAS |
| Subdivisión temática general |
LIBROS DE TEXTOS |
| 650 ## - ENCABEZAMIENTO DE MATERIA--TEMÁTICO |
| Término temático o nombre geográfico como elemento de entrada |
MATEMÁTICAS |
| Subdivisión geográfica |
ESTUDIOS Y EJERCICIOS |
| 700 12 - ASIENTO SECUNDARIO -- NOMBRE PERSONAL |
| Nombre personal |
Blatman, Luis |
| 830 ## - ASIENTO SECUNDARIO DE SERIE--TÍTULO UNIFORME |
| Título uniforme |
Proyecto saber más |
| 910 ## - VALIDACIÓN |
| Validación |
Validado. Control de validad MFF |
| 942 ## - ADDED ENTRY ELEMENTS (KOHA) |
| Source of classification or shelving scheme |
Dewey Decimal Classification |
| Koha item type |
Libros |
| 945 ## - INFORMACIÓN DE PROCESAMIENTO LOCAL |
| Información de procesamiento local |
Remanejado para la BNPHU / 2018 VM |
| 956 ## - LOCAL ELECTRONIC LOCATION AND ACCESS (OCLC) |
| Nombre de host |
daysi garcia |